Obrobiteľnosť ťažkoobrobiteľných Cr-Ni: ocelí - vŕtanie : Diplomová práca

Salvato in:
Dettagli Bibliografici
Autore principale: Vinkler, Marián (Autore)
Altri autori: Charbula, Jozef, 1952- (xxx)
Natura: Manoscritto Libro
Lingua:slovacco
Pubblicazione: Trnava : STU v Bratislave MtF KOM, 1999
Soggetti:
Tags: Aggiungi Tag
Nessun Tag, puoi essere il primo ad aggiungerne!!

MARC

LEADER 00000ntm a22000003a 4500
001 stu78939
005 20160719155022.4
008 030206s1999----xo------------------slo-d
040 |a STU  |b slo 
041 0 |a slo 
044 |a xo 
100 1 |a Vinkler, Marián  |4 aut 
245 1 |a Obrobiteľnosť ťažkoobrobiteľných Cr-Ni: ocelí - vŕtanie :  |b Diplomová práca 
260 |a Trnava :  |b STU v Bratislave MtF KOM,  |c 1999 
300 |a 86 s  |c abstr. 
650 7 |a austenické ocele  |2 stusub 
650 7 |a obrobiteľnosť ocelí  |2 stusub 
650 7 |a strojárske technológie  |2 stusub 
700 1 |a Charbula, Jozef,  |d 1952-  |4 xxx  |u M3000  |U MTF Materiálovotechnologická fakulta  |T MTF Ústav výrobných technológií  |X 213  |U M3000  |Y 83  |7 A000000213 
996 |b 284M037078  |c M*DP-1778  |l MMSKP  |s P  |a 0  |w stu78939_0001